000 00590nam a2200241Ia 4500
003 OSt
005 20221005071407.0
006 a|||||r|||| 00| 0
007 ta
008 221004b |||||||| |||| 00| 0 eng d
024 _a69589
037 _cTextual
040 _aCRL
_cCRL
_beng
041 _2eng
_aeng
082 _aY:4344, M4
100 _aHadimani R N
245 0 _aPolitics of poverty
260 _aNew Delhi
_bAshish
_c1984
300 _a194p.
_ccm.
650 _aSOCIOLOGY
942 _hY:4344, M4
_cTEXL
_2cc
999 _c977756
_d977756